I Am Here For You (Book of Mormon) Quiz Stats

Quiz not verified by Sporcle

Challenge
Share
Tweet
Embed
Score 0/207 Timer 06:00
0 Plays Today
Hint Lyric % Correct
ELDER PRICE:I
96.6%
ELDER PRICE:I
96.6%
I
96.6%
I
96.6%
I
96.6%
ELDER PRICE:I
96.6%
you
95.4%
you,
95.4%
a
95.4%
a
95.4%
you
95.4%
you
95.4%
you
95.4%
a
95.4%
a
95.4%
you
95.4%
You
95.4%
ELDER PRICE:You
95.4%
a
95.4%
you.
95.4%
you
95.4%
to
94.3%
to
94.3%
to
94.3%
to
94.3%
to
94.3%
to
94.3%
for
92%
Day.
92%
here
92%
here,
92%
Day
92%
here
92%
for
92%
here
92%
for
92%
here
92%
for
92%
Latter
90.8%
Latter
90.8%
tomorrow
89.7%
buddy.
88.5%
be
88.5%
be?
88.5%
be
88.5%
be
88.5%
TOGETHER:We
88.5%
now
87.4%
are
87.4%
Now
87.4%
are
87.4%
now
87.4%
are
87.4%
little
86.2%
am
85.1%
am
85.1%
sleep,
83.9%
ELDER CUNNINGHAM:Sleep
83.9%
is
83.9%
is
83.9%
is
83.9%
your
82.8%
your
82.8%
your
82.8%
best
81.6%
And
81.6%
and
81.6%
best
81.6%
friend.
80.5%
Hint Lyric % Correct
friend.
80.5%
The
79.3%
the
79.3%
the
79.3%
I'm
78.2%
ELDER CUNNINGHAM:I'm
78.2%
I'm
78.2%
do
75.9%
away.
75.9%
ELDER PRICE:What
75.9%
what
75.9%
Do
75.9%
what
75.9%
what
75.9%
with
74.7%
happy
74.7%
it
74.7%
so
74.7%
it.
74.7%
it?
74.7%
with
74.7%
just
73.6%
me.
73.6%
me
73.6%
just
73.6%
me.
73.6%
Nappy
72.4%
us.
72.4%
Tomorrow's
71.3%
this
71.3%
this
71.3%
if
70.1%
know
70.1%
cares
69%
make
69%
of
69%
when
69%
would
69%
of
69%
of
69%
of
69%
of
69%
doing?
67.8%
feel
67.8%
feel
67.8%
feel
67.8%
face.
66.7%
Elder.
66.7%
my
66.7%
Elder?
66.7%
too.
66.7%
star
65.5%
wouldn't
64.4%
shines
64.4%
brightly
64.4%
did
63.2%
ELDER CUNNINGHAM:Goodnight,
63.2%
ELDER PRICE:Goodnight,
63.2%
have
62.1%
Africans
62.1%
guess,
62.1%
guess
62.1%
Africans
62.1%
ELDER CUNNINGHAM:Evening
62.1%
ELDER PRICE:Well,
60.9%
then,
60.9%
better.
60.9%
about
60.9%
ELDER CUNNINGHAM:Well,
60.9%
Hint Lyric % Correct
then
60.9%
then,
60.9%
true.
59.8%
ELDER CUNNINGHAM:I'd
58.6%
anything
58.6%
trying
58.6%
fine
58.6%
church.
58.6%
church.
58.6%
but
57.5%
talking
57.5%
on
57.5%
had
57.5%
dad
57.5%
Put
56.3%
gonna
56.3%
they
56.3%
that's
56.3%
gonna
56.3%
pal.
56.3%
how
55.2%
single
55.2%
ELDER CUNNINGHAM:Don't
55.2%
right
55.2%
God
55.2%
anew
55.2%
get
54%
some
54%
already
54%
proud
54%
think
54%
proud
54%
makes
54%
told
52.9%
will
52.9%
yet
51.7%
bring
51.7%
awesome,
51.7%
bring
51.7%
life
51.7%
baptized
50.6%
instead
50.6%
Our
49.4%
our
49.4%
bunch
49.4%
let's
48.3%
forget
48.3%
we're
48.3%
lots
48.3%
stuck
48.3%
difficult
47.1%
person
47.1%
incredible
47.1%
ELDER CUNNINGHAM:Really?
44.8%
focus
42.5%
understand
42.5%
kinda
42.5%
together,
42.5%
feeling
42.5%
alright
41.4%
work.
41.4%
finally
41.4%
needs
39.1%
missionaries
39.1%
plenty
39.1%
got
37.9%
ELDER PRICE:Yeah.
36.8%
dad's
33.3%
huh?
24.1%

You're not logged in!

Compare scores with friends on all Sporcle quizzes.
Sign Up with Email
OR
Log In

You Might Also Like...

Show Comments

Extras

Top Quizzes Today


Score Distribution

Your Account Isn't Verified!

In order to create a playlist on Sporcle, you need to verify the email address you used during registration. Go to your Sporcle Settings to finish the process.